00770cam a22002291 4500001001300000003000400013005001700017008004100034010001700075035002000092040004200112042001200154050001800166100002900184245004700213260004800260300004500308440004900353504007600402600004700478999001500525af 47003454 DLC20260227110820.0930107s1944 be c b 000 0 fre c aaf 47003454  a(OCoLC)27209887 aArt institute of ChicagocCUdCUdDLC apremarc00aND673.B73bV31 aVanzype, Gustave,d1869-00aBruegel le vieux,cpar Gustave Vanzype ... aBruxelles,bLa Renaissance du livrec[1944] a105, [1] p. incl. front. (port.)c19 cm. 0aCollection: "Notre passé."n3. sér.,vIV a"Orientation bibliographique": p. 101-102. "Bibliographie": p. 103-104.10aBruegel, Pieter,dapproximately 1525-1569. c2182d2182